UM Logo

Automotive mechanic : (Record no. 17236)

MARC details
000 -LEADER
fixed length control field 00553nam a2200169 4500
008 - FIXED-LENGTH DATA ELEMENTS--GENERAL INFORMATION
fixed length control field 220831b ||||| |||| 00| 0 eng d
020 ## - INTERNATIONAL STANDARD BOOK NUMBER
International Standard Book Number 9781641725163
082 ## - DEWEY DECIMAL CLASSIFICATION NUMBER
Edition number 2022
Classification number DC 629.2872
Item number El57
100 ## - MAIN ENTRY--PERSONAL NAME
Personal name Elliot, Benjamin.
9 (RLIN) 45825
245 ## - TITLE STATEMENT
Title Automotive mechanic :
Remainder of title advanced /
Statement of responsibility, etc. Benjamin Elliot.
260 ## - PUBLICATION, DISTRIBUTION, ETC. (IMPRINT)
Place of publication, distribution, etc. New York :
Name of publisher, distributor, etc. Larsen & Keller,
Date of publication, distribution, etc. ©2022.
300 ## - PHYSICAL DESCRIPTION
Extent viii, 233 :
Other physical details color illustrations ;
Dimensions 26 cm.
500 ## - GENERAL NOTE
General note Includes index.
650 ## - SUBJECT ADDED ENTRY--TOPICAL TERM
Topical term or geographic name as entry element Automobiles.
9 (RLIN) 45826
650 ## - SUBJECT ADDED ENTRY--TOPICAL TERM
Topical term or geographic name as entry element Automobiles-Maintenance and repair.
9 (RLIN) 31627
942 ## - ADDED ENTRY ELEMENTS (KOHA)
Source of classification or shelving scheme Dewey Decimal Classification
Koha item type Circulation
Holdings
Withdrawn status Lost status Source of classification or shelving scheme Damaged status Not for loan Collection code Home library Current library Date acquired Source of acquisition Cost, normal purchase price Total Checkouts Full call number Barcode Date last seen Copy number Price effective from Koha item type
    Dewey Decimal Classification     Circulation UM Digos College - LIC UM Digos College - LIC 08/16/2022 Purchased 4575.00   DC 629.2872 El57 2022 26621 05/15/2025 1 08/31/2022 Circulation